Statistics for Members of Mercosur

Click here to take the quiz!

General Stats

  • This quiz has been taken 5 times
  • The average score is 13 of 14

Answer Stats

StatusAnswer% Correct
MemberArgentina
100%
MemberBrazil
100%
AssociatedChile
100%
AssociatedColombia
100%
AssociatedEcuador
100%
AssociatedGuyana
100%
MemberParaguay
100%
AssociatedPeru
100%
AssociatedSuriname
100%
MemberUruguay
100%
SuspendedVenezuela
100%
AssociatedBolivia
80%
ObserverMexico
80%
ObserverNew Zealand
20%

Score Distribution

Percentile by Number Answered

Percent of People with Each Score

Your Score History

You have not taken this quiz